Development of a systematic brand management : model for value oriented brand management dizertačná práca

Enregistré dans:
Détails bibliographiques
Auteur principal: Mandat, Michael
Collectivité auteur: Ekonomická univerzita v Bratislave. Fakulta podnikového manažmentu
Autres auteurs: Fendeková, Eleonora, 1952-
Format: Livre
Langue:slovaque
Publié: Bratislava 2010
Sujets:
Tags: Ajouter un tag
Pas de tags, Soyez le premier à ajouter un tag!

MARC

LEADER 00000nam a2200000 4500
001 0123707
005 20221207094641.3
041 0 |a slo 
044 |a SK 
245 1 0 |a Development of a systematic brand management : model for value oriented brand management  |b dizertačná práca  |c Michael Mandat ; škol. Eleonora Fendeková 
264 1 |a Bratislava  |c 2010 
300 |a 157 s. 
610 2 0 |a značky výrobkov 
610 2 0 |a značky výrobné 
610 2 0 |a manažment 
100 1 |a Mandat, Michael 
700 1 |a Fendeková, Eleonora, 1952- 
710 2 |a Ekonomická univerzita v Bratislave. Fakulta podnikového manažmentu